Český zákon o audítoroch v kontexte európskej legislatívy

Vývin audítorskej legislatívy v Českej republike. Príprava nového zákona o audítoroch. Hlavné zmeny, ktoré prináša návrh nového zákona. Zmeny v profesijnej oblasti. Biele miesta v návrhu zákona

Na minha lista:
Detalhes bibliográficos
Autor principal: Pilný, Vladimír
Formato: Capítulo de Livro
Idioma:eslovaco
Assuntos:
Tags: Adicionar Tag
Sem tags, seja o primeiro a adicionar uma tag!

MARC

LEADER 00000naa a2200000 4500
001 r039386
005 20231002073000.1
041 0 |a slo 
044 |a SK 
245 1 0 |a Český zákon o audítoroch v kontexte európskej legislatívy  |c Vladimír Pilný 
520 |a Vývin audítorskej legislatívy v Českej republike. Príprava nového zákona o audítoroch. Hlavné zmeny, ktoré prináša návrh nového zákona. Zmeny v profesijnej oblasti. Biele miesta v návrhu zákona 
610 2 0 |a audítori 
610 2 0 |a audítorstvo 
610 2 0 |a úpravy právne 
610 2 0 |a legislatíva 
610 2 0 |a Česko 
100 1 |a Pilný, Vladimír